Kvantifikácia hodnoty vybraného podniku služieb cestovného ruchu pri zohľadnení protipandemických opatrení Vlády SR diplomová práca

Saved in:
Bibliographic Details
Main Author: Toporcerová, Stanislava
Corporate Author: Fakulta podnikového manažmentu EU. Katedra podnikovohospodárska
Other Authors: Kintler, Jakub, 1979-
Format: Book
Language:Slovak
Published: Bratislava 2023
Tags: Add Tag
No Tags, Be the first to tag this record!

MARC

LEADER 00000nbm a2200000 4500
001 0293597
005 20240219145524.7
041 0 |a slo 
044 |a SK 
245 1 0 |a Kvantifikácia hodnoty vybraného podniku služieb cestovného ruchu pri zohľadnení protipandemických opatrení Vlády SR  |b diplomová práca  |c Stanislava Toporcerová ; školiteľ: Jakub Kintler 
264 1 |a Bratislava  |c 2023 
300 |a 89 s. 
100 1 |a Toporcerová, Stanislava 
700 1 |a Kintler, Jakub, 1979- 
710 2 |a Fakulta podnikového manažmentu EU. Katedra podnikovohospodárska